[Event "1.Open A Città di Padova"]
[Site "Padova"]
[Date "1998.12.12"]
[Round "1.17"]
[White "Di Giacomo, Antonio"]
[Black "Marigo, Narciso"]
[Result "1-0"]
[WhiteElo "1552"]
[BlackElo "1687"]
[Annotator "Gabriele Ballarin"]
[PlyCount "71"]
[EventDate "1998.12.13"]
[EventType "swiss"]
[EventRounds "6"]
[EventCountry "ITA"]

1. e4 Nc6 2. Nf3 d6 3. d4 Bd7 4. Nc3 e5 5. a3 Nf6 6. h3 h6 7. Bc4 Be7 8. dxe5 Nxe5 9. Nxe5 dxe5 10. Be3 O-O 11. Qf3 Bd6 12. Rd1 a6 13. Nd5 Nxd5 14. Bxd5 Rb8 15. O-O Qe7 16. Bb3 Kh8 17. c4 Bc6 18. Qg4 Rbd8 19. Bc2 Bd7 20. Qf3 Be6 21. Qe2 f5 22. exf5 Bxf5 23. Bxf5 Rxf5 24. c5 Qe6 25. cxd6 cxd6 26. Bb6 Rd7 27. Rc1 Rg5 28. Rc8+ Kh7 29. Be3 Rg6 30. Kh2 d5 31. Re1 Re7 32. Qc2 d4 33. Bxd4 Qd5 34. Qe4 Qd7 35. Rc2 Ree6 36. Bxe5 1-0

[Event "1.Open A Città di Padova"]
[Site "Padova"]
[Date "1998.12.12"]
[Round "1.18"]
[White "Pomaro, Stefano"]
[Black "Salata, Alessio"]
[Result "1-0"]
[WhiteElo "1673"]
[BlackElo "1552"]
[Annotator "Gabriele Ballarin"]
[PlyCount "43"]
[EventDate "1998.12.13"]
[EventType "swiss"]
[EventRounds "6"]
[EventCountry "ITA"]

1. e4 c6 2. d4 d5 3. exd5 cxd5 4. Bd3 Nf6 5. h3 Nc6 6. c3 g6 7. Nf3 Bg7 8. Bf4 O-O 9. O-O Re8 10. a4 a5 11. Na3 Nh5 12. Bh2 e5 13. dxe5 Nxe5 14. Be2 Nxf3+ 15. Bxf3 Qg5 16. Qxd5 Qxd5 17. Bxd5 Re2 18. Rfe1 Rxe1+ 19. Rxe1 Nf6 20. Bf3 Nd7 21. Nb5 Nc5 22. Re8+ 1-0

[Event "1.Open A Città di Padova"]
[Site "Padova"]
[Date "1998.12.12"]
[Round "1.19"]
[White "Frugoni, Giulio"]
[Black "Solinas, Roberto"]
[Result "0-1"]
[WhiteElo "1522"]
[BlackElo "1666"]
[Annotator "Gabriele Ballarin"]
[PlyCount "86"]
[EventDate "1998.12.13"]
[EventType "swiss"]
[EventRounds "6"]
[EventCountry "ITA"]

1. Nf3 Nf6 2. c4 c5 3. Nc3 Nc6 4. d4 cxd4 5. Nxd4 e6 6. a3 Be7 7. e4 O-O 8. Be3 d6 9. Be2 a6 10. O-O Qc7 11. f4 Nxd4 12. Bxd4 Bd7 13. Qc2 e5 14. Be3 Bg4 15. Rad1 Bxe2 16. Qxe2 Rac8 17. Nd5 Nxd5 18. cxd5 f6 19. Qg4 Rce8 20. Rc1 Qb8 21. Qe6+ Rf7 22. Bb6 Bf8 23. Qf5 exf4 24. Rxf4 g6 25. Rg4 Re5 26. Qf3 f5 27. Rf1 Qe8 28. Rh4 Rxe4 29. Rxe4 Qxe4 30. Qxe4 fxe4 31. Rxf7 Kxf7 32. Bd4 Bg7 33. Bc3 Bxc3 34. bxc3 b5 35. Kf2 Kf6 36. Ke3 Ke5 37. h4 h6 38. g4 g5 39. h5 Kxd5 40. Kd2 Kc4 41. Ke3 d5 42. Kd2 e3+ 43. Kxe3 Kxc3 0-1

[Event "1.Open A Città di Padova"]
[Site "Padova"]
[Date "1998.12.12"]
[Round "1.20"]
[White "Trangoni, Bruno"]
[Black "Troise, Salvatore"]
[Result "1-0"]
[WhiteElo "1650"]
[BlackElo "1504"]
[Annotator "Gabriele Ballarin"]
[PlyCount "79"]
[EventDate "1998.12.13"]
[EventType "swiss"]
[EventRounds "6"]
[EventCountry "ITA"]

1. e4 c5 2. Nc3 d6 3. f4 Nc6 4. Nf3 Nf6 5. Be2 g6 6. O-O Bg7 7. d3 O-O 8. Rb1 Bd7 9. a3 Rc8 10. h3 Qc7 11. Be3 a6 12. Qe1 b5 13. Qh4 h5 14. Ng5 Nd4 15. Bd1 Ne6 16. g4 Nxg5 17. fxg5 Nh7 18. Nd5 Qd8 19. gxh5 e6 20. Nf6+ Bxf6 21. gxf6 Kh8 22. Bh6 Rg8 23. Bg7+ Rxg7 24. fxg7+ Kxg7 25. Qxd8 Rxd8 26. hxg6 Kxg6 27. Bg4 Rh8 28. Rf2 Ng5 29. Rg2 f5 30. exf5+ exf5 31. Bf3 Rxh3 32. Bd5 Kf6 33. Rf1 Rh4 34. Rh2 Nh3+ 35. Kh1 Ke5 36. Bg2 f4 37. Rf3 Bc6 38. Rfxh3 Rxh3 39. Rxh3 Kd4 40. Bxc6 1-0

[Event "1.Open A Città di Padova"]
[Site "Padova"]
[Date "1998.12.12"]
[Round "1.21"]
[White "Borgato, Alessandro"]
[Black "Pastore, Mauro"]
[Result "0-1"]
[WhiteElo "1500"]
[BlackElo "1648"]
[Annotator "Gabriele Ballarin"]
[PlyCount "56"]
[EventDate "1998.12.13"]
[EventType "swiss"]
[EventRounds "6"]
[EventCountry "ITA"]

1. e4 c5 2. f4 Nc6 3. Nf3 d6 4. Be2 e6 5. O-O Be7 6. d4 cxd4 7. Nxd4 Nf6 8. Nxc6 bxc6 9. Nc3 O-O 10. Kh1 d5 11. Bd3 Rb8 12. e5 Nd7 13. Rf3 f5 14. Rh3 Rf7 15. g4 Nc5 16. g5 Nxd3 17. cxd3 g6 18. d4 c5 19. Ne2 Ba6 20. Nc3 Qc7 21. b3 cxd4 22. Qxd4 Rb4 23. Qf2 Bb7 24. Na4 d4+ 25. Kg1 Qc6 26. Kf1 d3 27. Ba3 Qh1+ 28. Qg1 Rxf4+ 0-1

[Event "1.Open A Città di Padova"]
[Site "Padova"]
[Date "1998.12.12"]
[Round "1.22"]
[White "Badiale, Riccardo"]
[Black "Fontana, Alessandro"]
[Result "1-0"]
[WhiteElo "1635"]
[BlackElo "1500"]
[Annotator "Gabriele Ballarin"]
[PlyCount "99"]
[EventDate "1998.12.13"]
[EventType "swiss"]
[EventRounds "6"]
[EventCountry "ITA"]

1. d4 d5 2. c4 dxc4 3. Nf3 b5 4. a4 c6 5. e3 Nf6 6. b3 Be6 7. axb5 cxb5 8. bxc4 Bxc4 9. Bxc4 bxc4 10. Qa4+ Qd7 11. Qxc4 e6 12. Ne5 Qd8 13. O-O Bd6 14. Ba3 O-O 15. Rc1 Bxa3 16. Nxa3 Nfd7 17. Nb5 a6 18. Nc7 Nxe5 19. dxe5 Ra7 20. Nxa6 Rxa6 21. Rxa6 Nxa6 22. Qxa6 Qd5 23. Qd6 Rd8 24. Qxd5 exd5 25. Rd1 Kf8 26. e4 d4 27. Kf1 Ke7 28. Ke2 g5 29. Rb1 Ke6 30. Rb5 d3+ 31. Kd2 Rd4 32. f3 h5 33. Rb3 Kxe5 34. Rxd3 Rxd3+ 35. Kxd3 Kf4 36. Ke2 g4 37. g3+ Ke5 38. Ke3 gxf3 39. Kxf3 f5 40. exf5 Kxf5 41. h3 Kg5 42. Ke4 h4 43. g4 Kf6 44. Kf4 Kg6 45. Ke4 Kf6 46. Kd5 Kg5 47. Ke5 Kg6 48. Kf4 Kf6 49. g5+ Kg6 50. Kg4 1-0

[Event "1.Open A Città di Padova"]
[Site "Padova"]
[Date "1998.12.12"]
[Round "1.23"]
[White "Verdi, Ruben"]
[Black "Marson, Luca"]
[Result "1/2-1/2"]
[WhiteElo "1500"]
[BlackElo "1633"]
[Annotator "Gabriele Ballarin"]
[PlyCount "119"]
[EventDate "1998.12.13"]
[EventType "swiss"]
[EventRounds "6"]
[EventCountry "ITA"]

{[%evp 0,52,24,13,35,60,90,56,75,66,51,45,40,40,43,29,28,2,12,3,29,52,43,29,29,29,85,-52,-60,-37,-37,-37,-25,-67,-42,-55,-61,-59,-12,-49,-61,-79,-81,-93,-74,-137,-132,-131,-61,-157,-168,-160,-153,-327,-330]} 1. e4 c5 2. Nc3 d6 3. Nf3 Nf6 4. d4 cxd4 5. Qxd4 Nc6 6. Bb5 Bd7 7. Bxc6 Bxc6 8. O-O e6 9. e5 Bxf3 10. exf6 e5 11. Qh4 Bc6 12. Bg5 Qd7 13. Rfe1 gxf6 14. Bxf6 Rg8 15. Ne4 Qg4 16. Qxg4 Rxg4 17. f3 Rg6 18. Bh4 Be7 19. Bf2 f5 20. Nd2 b6 21. c4 O-O-O 22. Rac1 Rdg8 23. g3 f4 24. g4 h5 25. h3 hxg4 26. hxg4 Rh8 27. Kg2 Rxg4+ 28. Kf1 Rg6 29. b4 Rh2 30. Rc2 Bh4 31. Bxh4 Rxh4 32. Ke2 Rh2+ 33. Kd3 Rgg2 34. Rec1 Re2 35. Nf1 Rxc2 36. Rxc2 Rxc2 37. Kxc2 Bxf3 38. Kd3 e4+ 39. Kd4 e3 40. Nxe3 fxe3 41. Kxe3 Bh5 42. Kd4 Bf7 43. c5 dxc5+ 44. bxc5 bxc5+ 45. Kxc5 Bxa2 46. Kc6 Kb8 47. Kb5 Kb7 48. Ka5 Bb1 49. Kb5 Be4 50. Ka5 Bc6 51. Kb4 Kb6 52. Ka3 Ka5 53. Kb3 Bd5+ 54. Ka3 a6 55. Kb2 Kb4 56. Ka1 Kb3 57. Kb1 a5 58. Ka1 a4 59. Kb1 Kc3 60. Ka1 1/2-1/2

[Event "1.Open A Città di Padova"]
[Site "Padova"]
[Date "1998.12.12"]
[Round "1.24"]
[White "Piccoli, Giorgio"]
[Black "Quaranta, Cristiano"]
[Result "0-1"]
[WhiteElo "1627"]
[BlackElo "1491"]
[Annotator "Gabriele Ballarin"]
[PlyCount "154"]
[EventDate "1998.12.13"]
[EventType "swiss"]
[EventRounds "6"]
[EventCountry "ITA"]

{[%evp 0,107,24,22,60,56,42,38,28,46,68,74,83,37,37,26,50,53,36,30,57,49,59,61,45,29,128,128,162,152,154,148,164,134,138,126,121,128,123,117,146,131,186,181,185,163,164,81,75,77,99,20,39,26,20,41,32,24,19,-51,-51,-58,-58,-60,-52,-102,-112,-104,-14,0,-83,-83,-103,-92,-86,-81,-96,-75,-64,-79,-79,-79,-79,-79,-79,-79,-79,-79,-79,-183,-184,-181,-184,-190,-181,-237,-188,-196,-196,-201,-199,-201,-218,-228,-218,-218,-231,-288,-242,-378]} 1. e4 c5 2. Nf3 e6 3. d4 cxd4 4. Nxd4 a6 5. Be2 Qc7 6. c4 Nf6 7. Nc3 Bb4 8. Qd3 Nc6 9. Nxc6 bxc6 10. O-O O-O 11. Bg5 Be7 12. f4 Bc5+ 13. Kh1 Ne8 14. Na4 Qa5 15. Nxc5 Qxc5 16. a3 f6 17. b4 Qd6 18. Bh4 Qxd3 19. Bxd3 Nc7 20. e5 f5 21. Be7 Rf7 22. Bd6 Ne8 23. a4 Nxd6 24. exd6 Rb8 25. b5 axb5 26. cxb5 cxb5 27. Bxb5 Rb6 28. Rfd1 Ba6 29. Bxa6 Rxa6 30. Kg1 Rf8 31. g3 Rfa8 32. Rac1 Rxa4 33. Rc7 R4a7 34. Rdc1 Rxc7 35. Rxc7 Rd8 36. Kf2 Kf7 37. Ke3 Ke8 38. Kd4 Ra8 39. Kc5 Kd8 40. Rb7 Rc8+ 41. Kd4 Rc6 42. Rb8+ Rc8 43. Rb7 Ke8 44. h3 Rc6 45. Rb8+ Kf7 46. Rd8 Rxd6+ 47. Kc5 Ke7 48. Rg8 Rd5+ 49. Kc4 Kf7 50. Rd8 Rd1 51. g4 fxg4 52. hxg4 Kg6 53. Rf8 Rf1 54. Kd3 e5 55. f5+ Kg5 56. Rf7 g6 57. Rxh7 gxf5 58. gxf5 d5 59. Rd7 e4+ 60. Ke3 Rxf5 61. Rg7+ Kf6 62. Rg8 Rf3+ 63. Ke2 Ke5 64. Ra8 Rc3 65. Ra5 Kd4 66. Ra4+ Rc4 67. Ra3 Rc2+ 68. Kd1 Rh2 69. Ke1 e3 70. Ra4+ Ke5 71. Ra5 Ke4 72. Ra4+ d4 73. Kd1 Rd2+ 74. Ke1 Kf3 75. Ra3 Rb2 76. Kd1 Kf2 77. Kc1 e2 0-1

[Event "1.Open A Città di Padova"]
[Site "Padova"]
[Date "1998.12.12"]
[Round "1.25"]
[White "Pilotto, Alessandro"]
[Black "Sanavio, Giancarlo"]
[Result "0-1"]
[WhiteElo "1467"]
[BlackElo "1627"]
[Annotator "Gabriele Ballarin"]
[PlyCount "76"]
[EventDate "1998.12.13"]
[EventType "swiss"]
[EventRounds "6"]
[EventCountry "ITA"]

1. d4 Nf6 2. h3 d5 3. Bf4 c5 4. e3 Nc6 5. c3 Bf5 6. Bb5 Qb6 7. Bxc6+ bxc6 8. Qb3 e6 9. Qxb6 axb6 10. Nd2 Be7 11. Ne2 O-O 12. O-O c4 13. b4 Ra3 14. Nb1 Ra4 15. Bc7 Bd3 16. Re1 c5 17. dxc5 bxc5 18. b5 Bd8 19. Bd6 Re8 20. Bxc5 Be7 21. Bd4 Nd7 22. Nc1 e5 23. Nxd3 cxd3 24. Rd1 exd4 25. exd4 Bd6 26. Nd2 Re2 27. Nf1 Rexa2 28. Rxa2 Rxa2 29. Rxd3 Rb2 30. Re3 Rxb5 31. Re8+ Bf8 32. Ne3 g6 33. Rd8 Nf6 34. Rc8 Kg7 35. Kf1 Ba3 36. f3 Bc1 37. Ke2 Rb2+ 38. Kd3 Rd2# 0-1

[Event "1.Open A Città di Padova"]
[Site "Padova"]
[Date "1998.12.12"]
[Round "1.26"]
[White "Lain, Luigi"]
[Black "Ballarin, Gabriele"]
[Result "1-0"]
[WhiteElo "1609"]
[BlackElo "1465"]
[Annotator "Gabriele Ballarin"]
[PlyCount "129"]
[EventDate "1998.12.13"]
[EventType "swiss"]
[EventRounds "6"]
[EventCountry "ITA"]
[SourceTitle "Ballarin Gabriele"]
[Source "Ballarin Gabrie"]
[SourceDate "2001.01.01"]
[SourceVersion "1"]
[SourceVersionDate "2001.01.01"]
[SourceQuality "1"]

1. d4 Nf6 2. c4 c5 3. d5 b5 4. cxb5 a6 5. e3 axb5 6. Bxb5 Qa5+ 7. Nc3 g6 8. Bc4 d6 9. Qc2 Bg7 10. e4 Nbd7 11. Nge2 Ne5 12. Bb5+ Bd7 13. Bxd7+ Nfxd7 14. O-O O-O 15. b3 Rfb8 16. h3 c4 17. Bd2 cxb3 18. axb3 Qb6 19. Be3 Nc5 20. Rab1 Qb4 21. Nd4 Nf3+ 22. Nxf3 Qxc3 23. Qxc3 Bxc3 24. Bxc5 dxc5 25. Rfc1 Bb4 26. Ne5 Rb7 27. Nc6 Ra3 28. Ne5 Bd2 29. Rc2 Bg5 30. g3 Bf6 31. Ng4 Bd4 32. Kg2 Raxb3 33. Rbc1 Rc7 34. Nh2 Rd7 35. Nf3 e6 36. Rd1 e5 37. Nxd4 cxd4 38. Rc8+ Kg7 39. Re8 f6 40. f4 Kf7 41. Re6 Re3 42. fxe5 Rxe4 43. Rxf6+ Kg7 44. Rd6 Rxd6 45. exd6 Kf7 46. Kf3 Re3+ 47. Kf2 Re4 48. Kf3 Re3+ 49. Kf4 g5+ 50. Kg4 Kg6 51. h4 Re4+ 52. Kf3 Re3+ 53. Kf2 Kf7 54. Rxd4 Re5 55. Kf3 Ke8 56. Re4 Rxe4 57. Kxe4 gxh4 58. gxh4 Kd7 59. Ke5 h5 60. Kf5 Kxd6 61. Kg5 Kxd5 62. Kxh5 Ke6 63. Kg6 Ke7 64. Kg7 Ke6 65. h5 1-0

[Event "1.Open A Città di Padova"]
[Site "Padova"]
[Date "1998.12.12"]
[Round "1.27"]
[White "Muradore, Aldo"]
[Black "Ceccherini, Paolo"]
[Result "1/2-1/2"]
[WhiteElo "1455"]
[BlackElo "1606"]
[Annotator "Gabriele Ballarin"]
[PlyCount "74"]
[EventDate "1998.12.13"]
[EventType "swiss"]
[EventRounds "6"]
[EventCountry "ITA"]

1. d4 d5 2. Nf3 Nf6 3. c4 e6 4. Bg5 Be7 5. e3 O-O 6. Bd3 Nbd7 7. cxd5 exd5 8. O-O Re8 9. Nc3 Nf8 10. Rc1 c6 11. Ne2 Bg4 12. Ne5 Bxe2 13. Qxe2 h6 14. Bxf6 Bxf6 15. Nf3 Ne6 16. Qc2 Ng5 17. Nxg5 Bxg5 18. b4 Re6 19. b5 h5 20. bxc6 Rxc6 21. Qe2 Rh6 22. Rc5 b6 23. Rc2 Rc8 24. Rfc1 Rxc2 25. Rxc2 h4 26. h3 Rd6 27. Qg4 Qe7 28. Qh5 g6 29. Qd1 Kg7 30. Qc1 Rd7 31. Rc8 Qe6 32. Bb5 Rd8 33. Rc7 a5 34. Rc6 Rd6 35. Rc8 Rd8 36. Rc7 Rd6 37. Be2 Bd8 1/2-1/2

[Event "1.Open A Città di Padova"]
[Site "Padova"]
[Date "1998.12.12"]
[Round "1.28"]
[White "De Minico, Nicola"]
[Black "Tresin, Ardilio"]
[Result "1/2-1/2"]
[WhiteElo "1606"]
[BlackElo "1449"]
[Annotator "Gabriele Ballarin"]
[PlyCount "86"]
[EventDate "1998.12.13"]
[EventType "swiss"]
[EventRounds "6"]
[EventCountry "ITA"]

1. Nf3 d5 2. c4 e6 3. d4 Nf6 4. Nc3 Nbd7 5. Bg5 c6 6. e3 Qa5 7. a3 dxc4 8. Bxc4 Ne4 9. Bf4 Nxc3 10. Qd2 Nf6 11. Qxc3 Qxc3+ 12. bxc3 Be7 13. O-O O-O 14. Bd3 Nd5 15. Rfc1 Nxf4 16. exf4 c5 17. a4 b6 18. Be4 Rb8 19. Ne5 Bb7 20. Nc6 Bxc6 21. Bxc6 cxd4 22. cxd4 Bf6 23. Rc4 Rfd8 24. Rd1 Rd6 25. g3 Rbd8 26. Rdc1 Rxd4 27. R4c2 Rd1+ 28. Rxd1 Rxd1+ 29. Kg2 Rd8 30. Bb5 a5 31. Rc7 Rb8 32. Kf3 Bd4 33. Rd7 Bc5 34. Ke2 g6 35. f3 h5 36. h3 Kg7 37. Kd3 Bf2 38. g4 hxg4 39. hxg4 Rh8 40. Bc4 Kf8 41. Rd8+ Kg7 42. Rxh8 Kxh8 43. Ke4 Kg7 1/2-1/2

[Event "1.Open A Città di Padova"]
[Site "Padova"]
[Date "1998.12.12"]
[Round "1.29"]
[White "Serradura, Gianluca"]
[Black "Guastadini, Paolo"]
[Result "0-1"]
[WhiteElo "1419"]
[BlackElo "1603"]
[Annotator "Gabriele Ballarin"]
[PlyCount "56"]
[EventDate "1998.12.13"]
[EventType "swiss"]
[EventRounds "6"]
[EventCountry "ITA"]

1. e4 g6 2. d4 Bg7 3. Nc3 c6 4. f3 d5 5. exd5 cxd5 6. Bb5+ Bd7 7. Bxd7+ Qxd7 8. Be3 Nf6 9. Qd2 O-O 10. Bh6 Nc6 11. Bxg7 Kxg7 12. O-O-O a6 13. h4 b5 14. g4 b4 15. Na4 h5 16. gxh5 Nxh5 17. Ne2 Qf5 18. Rdf1 e5 19. dxe5 Nxe5 20. Qxd5 Rac8 21. Nc5 Rfd8 22. Qb3 Rxc5 23. Rfg1 Rdc8 24. c4 Nd3+ 25. Kd1 Rd8 26. Rg5 Qd7 27. Kc2 Rxg5 28. hxg5 Ne1+ 0-1

[Event "1.Open A Città di Padova"]
[Site "Padova"]
[Date "1998.12.12"]
[Round "1.30"]
[White "Bonetto, Giorgio"]
[Black "Litrico, Paolo"]
[Result "0-1"]
[WhiteElo "1600"]
[BlackElo "1411"]
[Annotator "Gabriele Ballarin"]
[PlyCount "118"]
[EventDate "1998.12.13"]
[EventType "swiss"]
[EventRounds "6"]
[EventCountry "ITA"]

1. e4 c5 2. c3 d5 3. exd5 Qxd5 4. d4 Nf6 5. Nf3 Bg4 6. Nbd2 cxd4 7. Bc4 Bxf3 8. Bxd5 Bxd1 9. Bxb7 Bh5 10. Bxa8 dxc3 11. bxc3 e6 12. Ne4 Nfd7 13. Ng3 Bg6 14. O-O Be7 15. Be4 f5 16. Bc2 Bf6 17. Bb2 O-O 18. Bb3 Bf7 19. Rfe1 Nc5 20. Bc2 Nbd7 21. Rab1 Nb6 22. Ba3 Rc8 23. Bxc5 Rxc5 24. Ne2 h6 25. Bb3 e5 26. Bxf7+ Kxf7 27. Rec1 Kg6 28. f3 Nc4 29. Rb7 a5 30. Rcb1 Rd5 31. Kf2 Bg5 32. Kg1 Be3+ 33. Kh1 Rd2 34. Ng3 Rxa2 35. h4 Bf4 36. Kh2 e4 37. fxe4 fxe4 38. h5+ Kh7 39. Rf1 Be5 40. Rb5 e3 41. Re1 Bxc3 42. Re2 Bd2 43. Rc5 Nd6 44. Rd5 Nc4 45. Ne4 a4 46. Rd7 Kg8 47. Rd4 Rc2 48. Nc5 a3 49. Rd8+ Kf7 50. Nb3 Rb2 51. Rc8 Rxb3 52. Rxc4 a2 53. Ra4 Rb2 54. Kg3 Kf6 55. Kf3 Ke5 56. g4 Kf6 57. Rh2 Kg5 58. Rh1 Rb1 59. Kg2 e2 0-1

[Event "1.Open A Città di Padova"]
[Site "Padova"]
[Date "1998.12.12"]
[Round "1.31"]
[White "Alessi, Giovanni"]
[Black "Guclu, Yaman"]
[Result "0-1"]
[WhiteElo "1400"]
[BlackElo "1600"]
[Annotator "Gabriele Ballarin"]
[PlyCount "84"]
[EventDate "1998.12.13"]
[EventType "swiss"]
[EventRounds "6"]
[EventCountry "ITA"]

1. e4 c5 2. Nf3 Nc6 3. Bc4 e6 4. d3 d5 5. exd5 exd5 6. Qe2+ Be6 7. Bb3 Nf6 8. Bg5 Be7 9. c4 O-O 10. O-O a6 11. a3 Re8 12. Qd2 b5 13. Ba2 dxc4 14. dxc4 Qb6 15. Qc2 b4 16. b3 bxa3 17. Nxa3 Rad8 18. Rfd1 Bg4 19. Rxd8 Rxd8 20. Rf1 Bxf3 21. gxf3 Nd4 22. Qd3 Qb7 23. Kg2 Nh5 24. Bd2 Nb5 25. Qf5 g6 26. Qe5 Nxa3 27. Bc3 Bf6 28. Qe3 Bxc3 29. Qxc3 Nf4+ 30. Kh1 Rd3 31. Qxd3 Nxd3 32. Kg2 Nf4+ 33. Kg3 Ne2+ 34. Kg2 Nc3 35. Ra1 Nxa2 36. Rxa2 Qxb3 37. Re2 Qxc4 38. Re4 Qxe4 39. fxe4 Nc4 40. Kf1 a5 41. Ke1 a4 42. Kd1 a3 0-1

[Event "1.Open A Città di Padova"]
[Site "Padova"]
[Date "1998.12.13"]
[Round "2.1"]
[White "Viola, Matteo"]
[Black "Pomaro, Stefano"]
[Result "1-0"]
[WhiteElo "1877"]
[BlackElo "1673"]
[Annotator "Gabriele Ballarin"]
[PlyCount "62"]
[EventDate "1998.12.13"]
[EventType "swiss"]
[EventRounds "6"]
[EventCountry "ITA"]

{[%evp 0,62,21,23,109,103,93,71,88,46,98,22,38,-3,0,-9,40,27,-3,-7,5,-38,-8,-33,-33,-5,-27,-46,-53,-140,5,16,77,84,84,84,48,86,93,47,55,54,65,23,115,66,91,112,112,-354,74,104,-138,-112,-111,-115,242,228,431,441,925,944,942,965,2108]} 1. d4 b5 2. e4 Bb7 3. f3 b4 4. Bc4 e5 5. d5 Bc5 6. Qe2 Ne7 7. Be3 Na6 8. Bxc5 Nxc5 9. Qe3 d6 10. Bb5+ c6 11. dxc6 Nxc6 12. Nd2 O-O 13. Bxc6 Bxc6 14. Nc4 Nxe4 15. O-O-O Qh4 16. fxe4 Bxe4 17. Nd2 Bg6 18. Ngf3 Qe7 19. h4 Rfc8 20. Ne1 Qc7 21. Ne4 d5 22. Rxd5 Qc4 23. Rxe5 Qxa2 24. Qd4 Rd8 25. Nd6 b3 26. c4 Qb1+ 27. Kd2 h6 28. c5 Rxd6 29. cxd6 Rc8 30. d7 Qc1+ 31. Ke2 Rc2+ $138 1-0

[Event "1.Open A Città di Padova"]
[Site "Padova"]
[Date "1998.12.13"]
[Round "2.2"]
[White "Solinas, Roberto"]
[Black "Muha, Zdravko"]
[Result "0-1"]
[WhiteElo "1666"]
[BlackElo "1866"]
[Annotator "Gabriele Ballarin"]
[PlyCount "132"]
[EventDate "1998.12.13"]
[EventType "swiss"]
[EventRounds "6"]
[EventCountry "ITA"]

1. d4 Nf6 2. Nf3 d6 3. Bf4 Bg4 4. Nbd2 Nbd7 5. h3 Bh5 6. e3 c6 7. Be2 Qb6 8. Nc4 Qc7 9. Ncd2 e6 10. c3 Be7 11. Qc2 Bg6 12. Bd3 c5 13. Bxg6 hxg6 14. Ne4 Nxe4 15. Qxe4 Nf6 16. Qc2 Qc6 17. O-O-O Ne4 18. dxc5 Nxc5 19. Ne1 g5 20. Bh2 O-O-O 21. f3 d5 22. Nd3 Nxd3+ 23. Rxd3 Bf6 24. Re1 Rh4 25. f4 gxf4 26. exf4 g6 27. Bg3 Rhh8 28. Bf2 Kb8 29. Bd4 Bxd4 30. Rxd4 Rc8 31. Qf2 Qa6 32. Kb1 Qb6 33. Qe3 a6 34. Rb4 Qc6 35. Rd4 Ka8 36. g4 Rh4 37. Rh1 Rch8 38. Qf3 Qc8 39. Rh2 R8h7 40. Rd3 Qc4 41. b3 Qe4 42. Qxe4 dxe4 43. Rg3 f5 44. gxf5 gxf5 45. Rg8+ Ka7 46. Re8 Rxh3 47. Rxh3 Rxh3 48. Rxe6 Rf3 49. c4 Rxf4 50. c5 Rf2 51. b4 Kb8 52. Re7 Rf3 53. Kc2 e3 54. a4 Rf2+ 55. Kd1 Rb2 56. Rxe3 Rxb4 57. Rf3 f4 58. a5 Kc7 59. Ke2 Kc6 60. Rc3 Rb5 61. Rc4 Rxa5 62. Rxf4 Rxc5 63. Kd3 Kb5 64. Rh4 a5 65. Rh7 b6 66. Ra7 a4 0-1

[Event "1.Open A Città di Padova"]
[Site "Padova"]
[Date "1998.12.13"]
[Round "2.3"]
[White "Cecchetto, Vanni"]
[Black "Trangoni, Bruno"]
[Result "0-1"]
[WhiteElo "1831"]
[BlackElo "1650"]
[Annotator "Gabriele Ballarin"]
[PlyCount "74"]
[EventDate "1998.12.13"]
[EventType "swiss"]
[EventRounds "6"]
[EventCountry "ITA"]

1. d4 f5 2. c4 Nf6 3. g3 g6 4. Bg2 Bg7 5. Nc3 O-O 6. Nf3 d6 7. O-O c6 8. d5 e5 9. e4 f4 10. Qe2 fxg3 11. fxg3 Na6 12. Bg5 c5 13. Rf2 Nc7 14. Rff1 Nce8 15. Qd2 Qb6 16. Rfe1 Nh5 17. Be3 Nef6 18. Rf1 Ng4 19. Na4 Qc7 20. b4 Bd7 21. b5 b6 22. Nc3 Nxe3 23. Qxe3 Qc8 24. Rae1 Nf6 25. Kh1 Ng4 26. Qe2 Bh6 27. Nd1 a6 28. a4 axb5 29. axb5 Ra3 30. Qb2 Ra4 31. Qc2 Qa8 32. h3 Ra2 33. Qd3 Nf6 34. Rf2 Ra3 35. Qf1 Nh5 36. Kh2 Nxg3 37. Qg1 Bf4 0-1

[Event "1.Open A Città di Padova"]
[Site "Padova"]
[Date "1998.12.13"]
[Round "2.4"]
[White "Pastore, Mauro"]
[Black "Battiston, Alan Doris"]
[Result "1-0"]
[WhiteElo "1648"]
[BlackElo "1800"]
[Annotator "Gabriele Ballarin"]
[PlyCount "99"]
[EventDate "1998.12.13"]
[EventType "swiss"]
[EventRounds "6"]
[EventCountry "ITA"]

1. d4 d5 2. Nf3 Nf6 3. c4 e6 4. Nc3 c6 5. Bg5 Be7 6. e3 O-O 7. Bd3 Nbd7 8. Qc2 dxc4 9. Bxc4 Nd5 10. Bxe7 Qxe7 11. O-O Nxc3 12. bxc3 e5 13. e4 Re8 14. Rfe1 c5 15. d5 Rd8 16. Bd3 Nf6 17. c4 Bg4 18. Nd2 g5 19. Be2 h5 20. Bxg4 Nxg4 21. Nf1 Rd6 22. Ng3 Nh6 23. Nxh5 g4 24. Ng3 Kg7 25. Qe2 Qh4 26. Qe3 Rf6 27. Qxc5 Rh8 28. d6 Qg5 29. d7 Rc6 30. Qd5 Rd8 31. Rad1 Rc7 32. Qb5 Qe7 33. Rd5 a6 34. Qb6 Rcxd7 35. Nh5+ Kh7 36. Nf6+ Kg7 37. Nxd7 Rxd7 38. Red1 Rc7 39. Qb2 f6 40. Qd2 Kg6 41. Rd7 Qc5 42. Rxc7 Qxc7 43. Qd5 Nf7 44. c5 Qc6 45. Rb1 Qxd5 46. exd5 Nd8 47. Rb6 Kf7 48. c6 bxc6 49. dxc6 Ne6 50. c7 1-0

[Event "1.Open A Città di Padova"]
[Site "Padova"]
[Date "1998.12.13"]
[Round "2.5"]
[White "Navarro, Emanuele"]
[Black "Badiale, Riccardo"]
[Result "1-0"]
[WhiteElo "1786"]
[BlackElo "1635"]
[Annotator "Gabriele Ballarin"]
[PlyCount "147"]
[EventDate "1998.12.13"]
[EventType "swiss"]
[EventRounds "6"]
[EventCountry "ITA"]

{[%evp 0,147,23,23,34,24,24,-3,19,-6,8,7,20,-9,23,17,24,19,26,35,39,34,47,32,89,75,70,68,72,60,80,83,62,67,65,62,75,75,75,75,80,74,72,59,75,81,85,85,90,79,81,84,91,78,87,85,91,82,84,84,93,75,68,79,94,98,106,94,127,108,111,108,110,105,128,103,118,103,119,66,103,91,100,78,97,97,124,122,116,97,125,108,108,89,131,115,94,97,100,95,95,90,116,110,103,101,127,120,118,118,125,125,123,125,123,123,121,96,100,0,0,-17,0,-17,0,0,0,0,0,0,0,0,0,0,0,0,0,0,187,0,73,85,15,0,0,0,0,-176,-171,-196]} 1. d4 Nf6 2. Nf3 d5 3. c3 c6 4. Bg5 Ne4 5. Bf4 Qb6 6. Qc1 Nd7 7. e3 Ndf6 8. Bd3 Nh5 9. O-O Nxf4 10. exf4 e6 11. Re1 f5 12. Ne5 g6 13. f3 Nd6 14. a4 Bg7 15. a5 Qc7 16. Qe3 Nf7 17. Nd2 Nxe5 18. fxe5 O-O 19. f4 Qe7 20. Ra3 Bd7 21. Rea1 Rfc8 22. Nb3 Qd8 23. Nc5 Qc7 24. Qf2 Bf8 25. b4 a6 26. Qh4 Re8 27. R3a2 Rad8 28. h3 Be7 29. Qe1 Bc8 30. g4 Bxc5 31. bxc5 Kh8 32. Qh4 Qe7 33. Qxe7 Rxe7 34. Kh2 Rg8 35. Rg2 Reg7 36. Rag1 Bd7 37. Be2 Rf8 38. Kg3 Rgf7 39. Rf1 Rg7 40. Kh4 h6 41. Rgf2 Kh7 42. Bd3 Rfg8 43. Rb2 Bc8 44. Rg2 Bd7 45. Rfg1 Kh8 46. c4 Kh7 47. Rb1 dxc4 48. Bxc4 Bc8 49. Kg3 Rd8 50. Rd2 Kg8 51. Kf2 Rf8 52. Ke3 Kh7 53. Bd3 Rd8 54. Rg2 Rdg8 55. h4 h5 56. gxf5 gxf5 57. Rg5 Rxg5 58. hxg5 Kg6 59. d5 exd5 60. Kd4 Re8 61. Be2 Re7 62. Bf3 Be6 63. Rh1 Rh7 64. Bd1 Rh8 65. Rh2 Rh7 66. Bf3 Rh8 67. Rb2 Rh7 68. Ke3 Bd7 69. Rb6 h4 70. Bxd5 h3 71. Bf3 Be6 72. Rb1 h2 73. Rh1 Rh3 74. Kf2 $138 1-0